Introduction a l'economie

Guardat en:
Dades bibliogràfiques
Autor principal: Mosse, Robert
Format: Llibre
Idioma:Undetermined
Publicat: Paris Petite Bibliotheque Payot 1968
Matèries:
Etiquetes: Afegir etiqueta
Sense etiquetes, Sigues el primer a etiquetar aquest registre!
Thư viện lưu trữ: Trung tâm Học liệu Trường Đại học Cần Thơ
LEADER 00459nam a2200181Ia 4500
001 CTU_78772
008 210402s9999 xx 000 0 und d
082 |a 330 
082 |b M913 
100 |a Mosse, Robert 
245 0 |a Introduction a l'economie 
245 0 |c Robert Mosse 
260 |a Paris 
260 |b Petite Bibliotheque Payot 
260 |c 1968 
650 |a Economics 
904 |i Giang 
980 |a Trung tâm Học liệu Trường Đại học Cần Thơ